| 000 | 00638nam a2200229 i 4500 | ||
|---|---|---|---|
| 001 | bg | ||
| 100 | 1 |
_aFalandysz, Lech _d(1942-2003). |
|
| 245 | 1 | 0 |
_aWarto zostać prawnikiem! / _cLech Falandysz ; [z przedmową Lecha Wałęsy]. |
| 260 |
_aWarszawa : _bC.H. Beck, _c2001. |
||
| 300 |
_aVII, 134 s. : _bil. ; _c20 cm. |
||
| 650 | 9 |
_aFelieton polski _yod 1989 r. |
|
| 650 | 9 | _aPrawo | |
| 655 | _aPublicystyka | ||
| 700 | 1 |
_aWAŁĘSA, Lech _d(1943- ). _ePrzedm. |
|
| 020 | _a8372471169 | ||
| 040 | _cBPK | ||
| 041 | 0 | _apol | |
| 080 | _a34+308 | ||
| 920 | _a83-7247-116-9 | ||
| 942 | _cKS | ||
| 008 | s pl f |000 0 pol | ||
| 999 |
_c44600 _d44600 |
||
| 856 |
_uhttp://koha.tu.koszalin.pl/cgi-bin/koha/opac-detail.pl?biblionumber=44600 _yKatalog online BPK |
||